000 00220 a2200097 4500
001 38409
100 _aHorsely M
245 _aEngineering thermodynamics
260 _aG Br
_bChapman& Hall
_c1993
090 _c24395
_d24395
942 _aNUST-CAE
_cM
_c15997
999 _c273482
_d273482